| 000 | 02005nam a2200469Ii 4500 | ||
|---|---|---|---|
| 001 | DIGEDUFV0044 | ||
| 003 | NyNyDIG | ||
| 006 | m o d | ||
| 007 | cr ||||||||||| | ||
| 008 | 220615s2020 sp ob 000 0 spa d | ||
| 035 | _a(OCoLC)1335136335 | ||
| 040 |
_aDGITA _beng _erda _epn _cDGITA |
||
| 020 |
_a9788418360442 _qedición digital |
||
| 020 |
_z9788418360435 _qedición impresa |
||
| 043 | _ae-sp--- | ||
| 050 | 1 | 4 | _aCD6085 ebook |
| 100 | 1 |
_aGalende Díaz, Juan Carlos, _d1960- _eauthor. |
|
| 245 | 1 | 3 |
_aEl rodado regio hispánico : _bFernando III de León y Castilla (1230-1252) / _cJuan Carlos Galende Díaz, Nicolás Ávila Seoane. |
| 246 | 3 | 0 | _aFernando III de León y Castilla (1230-1252) |
| 250 | _aPrimera edición. | ||
| 264 | 1 |
_aMadrid : _bUniversidad Francisco de Vitoria, UFV Madrid, Editorial, _c2020. |
|
| 300 |
_a1 online resource : _billustrations. |
||
| 336 |
_atext _btxt _2rdacontent |
||
| 337 |
_acomputer _bc _2rdamedia |
||
| 338 |
_aonline resource _bcr _2rdacarrier |
||
| 347 |
_atext file _2rdaft |
||
| 347 | _bPDF | ||
| 490 | 1 | _aColección Foro hispanoamericano | |
| 504 | _aIncludes bibliographical references. | ||
| 588 | 0 | _aOnline resource; title from PDF title page (Digitalia, viewed June 15, 2022) | |
| 600 | 0 | 0 |
_aFernando _bIII, _cKing of Castile and Leon, _d1199?-1252 _xSeal. |
| 650 | 0 |
_aSeals (Numismatics) _zSpain _xHistory _yTo 1500. |
|
| 655 | 0 | _aElectronic books. | |
| 700 | 1 |
_aÁvila Seoane, Nicolás, _eauthor. |
|
| 791 | 2 |
_aDigitalia (Firm), _edistributor. |
|
| 793 | 0 |
_gDigitalia eBook Collection: _aEditorial Universidad Francisco de Vitoria |
|
| 776 | 0 | 8 |
_iPrint version: _aGalende Díaz, Juan Carlos, 1960- _tRodado regio hispánico. _bPrimera edición. _dMadrid : Universidad Francisco de Vitoria, UFV Madrid, Editorial, 2020 _z9788418360435 |
| 830 | 0 | _aColección Foro hispanoamericano. | |
| 856 | 4 | 0 |
_3Digitalia Hispánica _uhttps://www.digitaliapublishing.com/a/104118/ |
| 910 | _aPremium collection: 2022 | ||
| 942 | _cRAA | ||
| 999 |
_c270097 _d270097 |
||